CD Castellón Squad 2024-2025 - Statistics

General Stats
  • This quiz has been taken 16 times
    10 since last reset
  • The average score is 21 of 32
Answer Stats
# Position Nation Player % Correct
1 GK Argentina Gonzalo Crettaz
88%
10 FW Spain Raúl Sánchez
88%
21 FW Spain Álex Calatrava
75%
19 FW Australia Awer Mabil
75%
16 FW DR Congo Brian Cipenga
75%
22 DF Curaçao Daijiro Chirino
75%
11 FW Brazil Douglas Aurélio
75%
4 MF Spain Israel Suero
75%
15 DF Netherlands Jetro Willems
75%
- Coach Netherlands Johan Plat
75%
14 DF Spain Óscar Gil
75%
6 MF Netherlands Thomas van den Belt
75%
18 MF France Albert Lottin
63%
5 DF Spain Alberto Jiménez
63%
13 GK Iran Amir Abedzadeh
63%
- Coach Netherlands Dick Schreuder
63%
2 MF Uruguay Giovanni Zarfino
63%
9 FW Spain Jesús de Miguel
63%
23 MF Spain Josep Calavera
63%
33 DF Netherlands Jozhua Vertrouwd
63%
25 DF Paraguay Juan Escobar
63%
8 FW Nigeria Kenneth Mamah
63%
3 FW Mali Mamadou Traoré
63%
12 MF Serbia Miloš Jojić
63%
20 FW United States Nick Markanich
63%
24 FW Guinea Ousmane Camara
63%
7 MF Spain Sergio Moyita
63%
30 GK United States Brian Schwake
50%
17 DF Spain Salva Ruiz
50%
12 FW Slovenia David Flakus Bosilj
38%
20 MF Netherlands Mats Seuntjens
38%
19 MF Spain Dani Villahermosa
13%
No matching quizzes found
Score Distribution
Percent of People with Each Score
Percentile by Number Answered
Your Score History
You have not taken this quiz since the last reset